00300nam a2200133Ia 4500003000900000008004100009040001300050040001300063245005600076245001100132260000900143300000800152490000600160IT-RoPAU120407s9999 xx 000 0 und d aIT-RoPAU cIT-RoPAU aDov'è finito il '68?. Un bilancio per gli anni 80 cAA.VV. aAres c cm v1